Encuentros en el museo feminista virtual

Đã lưu trong:
Chi tiết về thư mục
Tác giả chính: Pollock, Griselda (Tác giả)
Định dạng: Sách
Ngôn ngữ:Tiếng Tây Ban Nha
Được phát hành: Madrid Ediciones Cátedra 2010
Phiên bản:1a. ed
Loạt:Ensayos Arte Cátedra
Những chủ đề:
Các nhãn: Thêm thẻ
Không có thẻ, Là người đầu tiên thẻ bản ghi này!

MARC

LEADER 00000cam a2200000 a 4500
001 UCD5421
003 CL-VaPUC
008 160908e20100000sp |||||||||||||||||spa|d
020 |a 9788437626918 
082 0 4 |a 700.9  |b POL  |2 21 
100 0 |a Pollock, Griselda  |e author  |9 589167 
245 1 0 |a Encuentros en el museo feminista virtual 
250 |a 1a. ed 
300 |a 482 p 
942 |c BK 
945 |d 20160908 17:07:00  |a dcastane 
260 |a Madrid  |b Ediciones Cátedra  |c 2010 
650 0 |a Historia del arte  |9 314877 
650 0 |a Historia del arte siglo 20  |9 265287 
650 0 |a Arte contemporáneo   |y Siglo 20   |9 550908 
583 |a last modification  |c 20160908 17:07:00  |k Rodrigo Vera 
490 0 |a Ensayos Arte Cátedra 
999 |c 366083  |d 366081 
952 |0 0  |1 0  |3 erb  |4 0  |6 700_900000000000000_POL_2010  |7 0  |8 A  |9 480111  |a BIBART  |b BIBART  |i 5340357  |o 700.9 POL 2010  |p 5340357  |r 2025-03-13  |w 2019-11-24  |y BK  |z Catalogado en:20160908  |k ART